Legal & regulatory aspects of banking. (Record no. 1015)
[ view plain ]
| 000 -LEADER | |
|---|---|
| fixed length control field | 00733cam a22002172 4500 |
| 001 - CONTROL NUMBER | |
| control field | 0000018934 |
| 005 - DATE AND TIME OF LATEST TRANSACTION | |
| control field | 20151021151130.0 |
| 008 - FIXED-LENGTH DATA ELEMENTS--GENERAL INFORMATION | |
| fixed length control field | 100817s xx 000 0 eng d |
| 020 ## - INTERNATIONAL STANDARD BOOK NUMBER | |
| International Standard Book Number | 0230636101 : |
| 040 ## - CATALOGING SOURCE | |
| Original cataloging agency | KABU |
| Transcribing agency | KABU |
| 245 10 - TITLE STATEMENT | |
| Title | Legal & regulatory aspects of banking. |
| 250 ## - EDITION STATEMENT | |
| Edition statement | 2nd ed. |
| 260 ## - PUBLICATION, DISTRIBUTION, ETC. (IMPRINT) | |
| Place of publication, distribution, etc. | Mumbai : |
| Name of publisher, distributor, etc. | Indian Institute of Banking & Finance, |
| Date of publication, distribution, etc. | 2008. |
| 300 ## - PHYSICAL DESCRIPTION | |
| Extent | vi, 476 p. |
| 500 ## - GENERAL NOTE | |
| General note | (For JAIIB/Diploma in banking & finance examination) |
| 650 #0 - SUBJECT ADDED ENTRY--TOPICAL TERM | |
| Topical term or geographic name as entry element | Banks and banking |
| General subdivision | Law and legislation |
| Geographic subdivision | India. |
| -- | 0000178421 |
| 710 2# - ADDED ENTRY--CORPORATE NAME | |
| Corporate name or jurisdiction name as entry element | Indian Institute of Banking & Finance. |
| -- | 0000178422 |
| 852 1# - LOCATION | |
| -- | p3750 KES |
| 908 ## - PUT COMMAND PARAMETER (RLIN) | |
| Put command parameter | 100817 |
| 950 ## - LOCAL HOLDINGS (RLIN) | |
| -- | 1 |
| Withdrawn status | Lost status | Source of classification or shelving scheme | Not for loan | Home library | Current library | Date acquired | Total Checkouts | Full call number | Barcode | Date last seen | Price effective from | Koha item type | Date last checked out |
|---|---|---|---|---|---|---|---|---|---|---|---|---|---|
| Library of Congress Classification | Kabarak, Main Campus | Kabarak, Main Campus | 17/12/2015 | 1 | KNS885 .A28L44 2008 c. 2 | 24338 | 01/10/2021 | 17/12/2015 | General Collection | 30/09/2021 | |||
| Library of Congress Classification | Kabarak, Main Campus | Kabarak, Main Campus | 17/12/2015 | 1 | KNS885 .A28L44 2008 c. 1 | 24106 | 14/10/2021 | 17/12/2015 | General Collection | 30/09/2021 | |||
| Library of Congress Classification | Kabarak, Nakuru City Campus | Kabarak, Nakuru City Campus | 21/10/2015 | KNS885 .A28L44 2008 c. 1 | 20684 | 21/10/2015 | 21/10/2015 | General Collection |